000 00310nam a22001337a 4500
008 180917b xxu||||| |||| 00| 0 eng d
020 _a9780130520364
041 _aeng
080 _a721.063
100 _a62
101 _aAUD
245 _aAuditing An Integrated Approach
_cLemon .A
942 _2udc
_cBK
999 _c47857
_d47857